Online
Catalog

La rebelión del Bahoruco / (Record no. 17444)

MARC details
000 -CABECERA
campo de control de longitud fija 02102nam a2200361 a 4500
001 - NÚMERO DE CONTROL
campo de control 000017920
003 - IDENTIFICADOR DEL NÚMERO DE CONTROL
campo de control DO-SdBNP
005 - FECHA Y HORA DE LA ÚLTIMA TRANSACCIÓN
campo de control 20221102095405.0
008 - DATOS DE LONGITUD FIJA--INFORMACIÓN GENERAL
campo de control de longitud fija 100407s1996 dr 001 0 spa d
040 ## - FUENTE DE LA CATALOGACIÓN
Centro catalogador/agencia de origen DO-SdBNP
Lengua de catalogación spa
Centro/agencia transcriptor BNPHU
082 ## - NÚMERO DE LA CLASIFICACIÓN DECIMAL DEWEY
Número de clasificación 972.93
Número de documento/Ítem P349r, 1996
100 1# - ENTRADA PRINCIPAL--NOMBRE DE PERSONA
Nombre de persona Peña Batlle, Manuel Arturo,
Fechas asociadas al nombre 1902-1954
9 (RLIN) 22838
245 13 - MENCIÓN DE TÍTULO
Título La rebelión del Bahoruco /
Mención de responsabilidad, etc. Manuel Arturo Peña Batlle.
260 ## - PUBLICACIÓN, DISTRIBUCIÓN, ETC.
Lugar de publicación, distribución, etc. Santo Domingo :
Nombre del editor, distribuidor, etc. Taller,
Fecha de publicación, distribución, etc. 1996.
300 ## - DESCRIPCIÓN FÍSICA
Extensión 223 p. ;
Dimensiones 23 cm.
490 1# - MENCIÓN DE SERIE
Mención de serie Publicaciones de la Fundación Manuel Arturo Peña Batlle
490 1# - MENCIÓN DE SERIE
Mención de serie Obras
Designación de volumen o secuencia 4
500 ## - NOTA GENERAL
Nota general Incluye datos biográficos del autor en las solapas de la cubierta.
504 ## - NOTA DE BIBLIOGRAFÍA, ETC.
Nota de bibliografía, etc. Incluye bibliografía y notas al pie de páginas.
504 ## - NOTA DE BIBLIOGRAFÍA, ETC.
Nota de bibliografía, etc. Bibliografía: [p. 210-214].
505 0# - NOTA DE CONTENIDO CON FORMATO
Información miscelánea Presentación /
Mención de responsabilidad Juan Daniel Balcácer --
Título Enriquillo y Boyá /
Mención de responsabilidad Fray Cipriano de Utrera --
Título Una carta de Enriquillo /
Mención de responsabilidad Emilio Rodríguez Demorizi --
Título La rebelión del Bahoruco /
Información miscelánea Apéndice:
Título Instrucción de gobierno a los Jerónimos --
-- Relación testimoniada del asiento que se ha tomado con el capitán Francisco de Barrionuevo para ir a la paz y quietud de los indio de las Sierras del Baraisco en el distrito de la Audiencia de Santo Domingo, año 1533 --
Información miscelánea Bibliografía --
-- Incluye índice de personas, lugares y materias.
590 ## - NOTA LOCAL (RLIN)
Nota local Inventariado, 2020/BT
600 14 - PUNTO DE ACCESO ADICIONAL DE MATERIA--NOMBRE DE PERSONA
Nombre de persona CIPRIANO DE UTRERA,
Títulos y otros términos asociados al nombre FRAY,
Fechas asociadas al nombre 1886-1958
Título de la obra ENRIQUILLO Y BOYÁ
Subdivisión general CRÍTICA E INTERPRETACIÓN
9 (RLIN) 38873
600 14 - PUNTO DE ACCESO ADICIONAL DE MATERIA--NOMBRE DE PERSONA
Nombre de persona ENRIQUILLO,
Títulos y otros términos asociados al nombre CACIQUE,
Fechas asociadas al nombre 1503-1535
Subdivisión general CRÍTICA E INTERPRETACIÓN
9 (RLIN) 38874
650 #4 - PUNTO DE ACCESO ADICIONAL DE MATERIA--TÉRMINO DE MATERIA
Término de materia o nombre geográfico como elemento de entrada Trato a los indígenas
Subdivisión geográfica República Dominicana
Subdivisión general Ensayos, conferencias, etc.
9 (RLIN) 38875
650 #4 - PUNTO DE ACCESO ADICIONAL DE MATERIA--TÉRMINO DE MATERIA
Término de materia o nombre geográfico como elemento de entrada Indígenas de república dominicana
Subdivisión general Condiciones sociales
-- Ensayos, conferencias, etc.
9 (RLIN) 38876
651 #4 - PUNTO DE ACCESO ADICIONAL DE MATERIA--NOMBRE GEOGRÁFICO
Nombre geográfico República Dominicana
Subdivisión general Historia
Subdivisión cronológica COLONIA, 1503-1795
Subdivisión general Ensayos, Conferencias, Etc.
9 (RLIN) 38877
710 2# - PUNTO DE ACCESO ADICIONAL--NOMBRE DE ENTIDAD CORPORATIVA
Nombre de entidad corporativa o nombre de jurisdicción como elemento de entrada Fundación Manuel Arturo Peña Batlle
9 (RLIN) 38878
830 #0 - PUNTO DE ACCESO ADICIONAL DE SERIE-TÍTULO UNIFORME
Título uniforme Publicaciones de la Fundación Manuel Arturo Peña Batlle
9 (RLIN) 38879
830 #0 - PUNTO DE ACCESO ADICIONAL DE SERIE-TÍTULO UNIFORME
Título uniforme Obras
Número de parte o sección de la obra 4
9 (RLIN) 38880
910 ## - DATOS DE OPCIÓN DEL USUARIO (OCLC)
Datos de opción del usuario Validado. Control de calidad EMS.
942 ## - ELEMENTOS DE PUNTO DE ACCESO ADICIONAL (KOHA)
Fuente del sistema de clasificación o colocación Dewey Decimal Classification
Tipo de ítem Koha Libro
Holdings
Estado de retiro Estado de pérdida Restricciones de uso No para préstamo Código de colección Localización permanente Ubicación/localización actual Ubicación en estantería Fecha de adquisición Número de inventario Total de préstamos Signatura topográfica completa Código de barras Fecha visto por última vez Número de copia Precio válido a partir de Tipo de ítem Koha
  Extraviado     Dominicana de Servicio General General Extraviado 05.02.2014 LF1   972.93 P349r, 1996 17920-30 25.06.2020 e.3 25.06.2020 Libro y Folleto Colección Dominicana de Servicio
      Excluido de préstamo Patrimonio Dominicano Patrimonio Dominicano Patrimonio Dominicano Depósito 07.04.2010 LF1   972.93 P349r, 1996 17920-10 25.06.2020   25.06.2020 Libro y Folleto Colección Patrimonio Dominicano
      Excluido de préstamo Patrimonio Dominicano Patrimonio Dominicano Patrimonio Dominicano Depósito 07.04.2010 LF1   972.93 P349r, 1996 17920-20 25.06.2020 e.2 25.06.2020 Libro y Folleto Colección Patrimonio Dominicano

Powered by Koha